00646nam a2200157 a 450000100100000000500170001000800410002704000250006808200160009310000300010924501080013926000930024730000200034095201130036099900150047300000447220200929151439.0090723s1952 dr 000 0 spa d aDO-SdBNPbspacBNPHU axxxxbM524g1 aMella, Salvador A.91308710aGénesis, evolución y fututro de la estadística en la República Dominicana /cSalvador A. Mella. aCiudad Trujillo, República Dominicana :bDirección General de Estadísticas,c1952. a39 p. ;c20 cm. 0010718PDaPDbPDcCTd2009-07-23iLF1l0oxxxx M524gp4472-10r2020-06-25w2020-06-25yLFPDZNo se presta c4281d4281